000 nam a22 7a 4500
999 _c53693
_d53693
003 OSt
005 20220725145300.0
008 220725b xxu||||| |||| 00| 0 eng d
040 _cIIMT UNIVERSITY
100 _aCHAUDHARY,ANIL
245 _aINTRODUCTORY BIOLOGY
260 _aMEERUT
_bAMAN PUB.
_c2020
300 _a192
942 _2ddc
_c09